| 000 | 00794cam a22002654a 4500 | ||
|---|---|---|---|
| 001 | 12887471 | ||
| 005 | 20180215034720.0 | ||
| 008 | 020808s2004 ohua b 001 0 eng | ||
| 010 | _a 2002111181 | ||
| 020 | _a0324181450 | ||
| 035 | _a(DLC) 2002111181 | ||
| 040 |
_aDLC _cDLC _dDLC |
||
| 041 | _aeng | ||
| 042 | _apcc | ||
| 080 | _a657 | ||
| 082 | 0 | 0 |
_a657 WAR _221 |
| 100 | 1 | _a62 | |
| 101 | _aKON | ||
| 245 | 1 | 0 |
_aFinancial accounting for future business leaders / _cCarl S. Warren, James M. Reeve. |
| 246 | 3 | _aFinancial accounting | |
| 504 | _aIncludes bibliographical references and index. | ||
| 906 |
_a7 _bcbc _corignew _d3 _eepcn _f20 _gy-gencatlg |
||
| 942 |
_2ddc _cBK |
||
| 999 |
_c42584 _d42584 |
||